| 000 | 00615cam a22002051 4500 | ||
|---|---|---|---|
| 001 | ca 17003271 | ||
| 003 | DLC | ||
| 005 | 20260227111105.0 | ||
| 008 | 821120s1884 nyu 000 0 eng | ||
| 010 | _aca 17003271 | ||
| 035 | _a(OCoLC)8977092 | ||
| 040 |
_aDLC _cICarbS _dDLC |
||
| 042 | _apremarc | ||
| 050 | 0 | 0 |
_aPE1145 _b.R44 1884 |
| 100 | 1 |
_aReed, Alonzo, _d-1899. |
|
| 245 | 1 | 0 |
_aWord lessons. _bA complete speller adapted for use in the higher primary, intermediate, and grammar grades. _cBy Alonzo Reed. |
| 260 |
_aNew York, _bClark & Maynard, _c1884. |
||
| 300 |
_a188 p. _c19 cm. |
||
| 650 | 0 | _aSpellers. | |
| 999 |
_c15254 _d15254 |
||